000
00302nam a22001337a 4500
008
170524b xxu||||| |||| 00| 0 eng d
020
_a
9780201704822
041
_a
eng
080
_a
62
100
_a
26
101
_a
IM
245
_a
EVALUATING SOFTWARE ARCHITECTURES
_c
CLEMENTS, P
942
_2
udc
_c
BK
999
_c
13992
_d
13992